Normal view
MARC view
Entry Personal Name
001 - CONTROL NUMBER
- control field: 6256
003 - CONTROL NUMBER IDENTIFIER
- control field: BD-RjUL
005 - DATE AND TIME OF LATEST TRANSACTION
- control field: 20221211102647.0
008 - FIXED-LENGTH DATA ELEMENTS
- fixed length control field: 221211|| aca||aabn | a|a d
040 ## - CATALOGING SOURCE
- Original cataloging agency: BD-RjUL
- Transcribing agency: BD-RjUL
100 ## - HEADING--PERSONAL NAME
- Personal name: Rudra Muhammad Shahidullah
- Dates associated with a name: 16-09-1956, 21-06-1991
670 ## - SOURCE DATA FOUND
- Source citation: Work cat.: (BD-RjUL)80944: খান, সৈয়দ আহমদ 6254, রুদ্র মুহম্মদ শহিদুল্লাহর কাব্য :, ২০০৫